Software agents for future communication systems
Αποθηκεύτηκε σε:
| Άλλοι συγγραφείς: | , |
|---|---|
| Μορφή: | Βιβλίο |
| Γλώσσα: | English |
| Δημοσίευση: |
Berlin ; : Heidelberg :
Springer,
c1999
|
| Θέματα: | |
| Ετικέτες: |
Προσθήκη ετικέτας
Δεν υπάρχουν, Καταχωρήστε ετικέτα πρώτοι!
|
MARC
| LEADER | 00000nam a2200000 i 4500 | ||
|---|---|---|---|
| 001 | 1/96907 | ||
| 008 | 991218s1999 eng d | ||
| 020 | |a 3540655786 | ||
| 035 | |l 10055938 | ||
| 040 | |a GR-MY-UA |b gre |e aacr | ||
| 041 | 0 | |a eng | |
| 082 | 0 | |a 006.3 | |
| 245 | 1 | 0 | |a Software agents for future communication systems / |c Alex L.G. Hayzelden, John Bigham,(eds.) |
| 260 | |a Berlin ; : |a Heidelberg : |b Springer, |c c1999 | ||
| 300 | |a xiii, 380 p.; |b ill.; |c 25 cm. | ||
| 504 | |a Includes bibliographical references | ||
| 650 | 0 | 0 | |a Intelligent agents (Computer software) |
| 650 | 0 | 0 | |a Telecommunication systems. |
| 700 | 1 | |a Hayzelden, Alex L. G. |4 edt | |
| 700 | 1 | |a Bigham, John. |4 edt | |
| 852 | |a INST |b SAMOS |e 19991218 |h 006.3 SOF |p 005300016214 |q 005300016214 |t BK |y 0 | ||
| 901 | |a BIBL3-1999-3 | ||
| 909 | |a Σ |b 071534 | ||
| 922 | |a 3ΕΛΗ |b 199912 |c ΤΠΕΣ |d ΠΑΠΑΣΩΤΗΡΙΟΥ | ||
| 970 | |a ΓΕΝΟΥΖΟΥ |b ΧΡΥΣΑΝΘΗ |z 1999/12/18 | ||